[Event "Barcelona Vila de Gracia op 25th"]
[Site "Barcelona"]
[Date "2021.10.08"]
[Round "2"]
[White "Palacin Martin, Ricardo"]
[Black "Jimenez Sanchez, Joan R"]
[Result "1-0"]
[WhiteElo "2005"]
[BlackElo "1699"]
[PlyCount "99"]
[EventDate "2021.10.01"]
[EventType "swiss"]
[EventRounds "9"]
[EventCountry "ESP"]
[SourceTitle "EXT 2023"]
[Source "ChessBase"]
[SourceDate "2022.10.05"]
[SourceVersion "1"]
[SourceVersionDate "2022.10.05"]
[SourceQuality "1"]

1. d4 Nf6 2. c4 e5 3. dxe5 Ng4 4. Bf4 Nc6 5. Nf3 Bb4+ 6. Nc3 Qe7 7. Qb3 Na5 8. Qc2 Nxc4 9. e3 Ncxe5 10. Be2 d6 11. 0-0 Bxc3 12. Qxc3 0-0 13. Rac1 Nc6 14. h3 Nf6 15. Bg5 h6 16. Bxf6 Qxf6 17. Qxf6 gxf6 18. b4 Nxb4 19. Rxc7 Nd5 20. Rcc1 Bd7 21. Rfd1 Bc6 22. Nd4 Rac8 23. Nxc6 Rxc6 24. Rxc6 bxc6 25. Bf3 Rd8 26. Bxd5 cxd5 27. Rxd5 Rd7 28. g4 Kg7 29. Kg2 Kg6 30. Kf3 Kg7 31. Ke4 Re7+ 32. Kd4 Rd7 33. a4 Rb7 34. Rb5 Rc7 35. a5 Kf8 36. f3 Ke7 37. Rh5 Rc1 38. Rxh6 Ra1 39. Rh5 Ra4+ 40. Kd3 Ke6 41. e4 Ra3+ 42. Ke2 Ra2+ 43. Ke3 Ra3+ 44. Kf2 Ra2+ 45. Kg3 Ra3 46. Rd5 Rc3 47. h4 Rc1 48. h5 Ke7 49. Rb5 Rc7 50. Rb8 1-0

[Event "Platja d'Aro op-B 7th"]
[Site "Platja d'Aro"]
[Date "2019.06.24"]
[Round "1"]
[White "Roqueta Maffei, Oscar Nahuel"]
[Black "Palacin Martin, Ricardo"]
[Result "0-1"]
[WhiteElo "1507"]
[BlackElo "2008"]
[PlyCount "38"]
[EventDate "2019.06.24"]
[EventType "swiss"]
[EventRounds "9"]
[EventCountry "ESP"]
[SourceTitle "CBM 191 Extra"]
[Source "ChessBase"]
[SourceDate "2019.09.30"]
[SourceVersion "1"]
[SourceVersionDate "2019.09.30"]
[SourceQuality "1"]

1. e4 e5 2. Nf3 Nf6 3. Nxe5 d6 4. Nf3 Nxe4 5. Bd3 Nf6 6. Nc3 Be7 7. b3 Bg4 8. Bb2 0-0 9. 0-0 Nbd7 10. Re1 Re8 11. Ne4 Ne5 12. Bxe5 dxe5 13. h3 Bh5 14. Rb1 Bb4 15. Nxf6+ gxf6 16. Qe2 Qd6 17. Qe4 Bg6 18. Qg4 Bc5 19. Bxg6 hxg6 0-1

[Event "Catalunya-ch Seniors"]
[Site "Santa Susanna"]
[Date "2019.05.26"]
[Round "9"]
[White "Costa Trave, Jaume"]
[Black "Palacin Martin, Ricardo"]
[Result "0-1"]
[WhiteElo "1909"]
[BlackElo "2016"]
[PlyCount "119"]
[EventDate "2019.05.18"]
[EventType "swiss"]
[EventRounds "9"]
[EventCountry "ESP"]
[SourceTitle "CBM 190 Extra"]
[Source "ChessBase"]
[SourceDate "2019.07.15"]
[SourceVersion "1"]
[SourceVersionDate "2019.07.15"]
[SourceQuality "1"]

1. f4 d5 2. Nf3 e6 3. e3 c5 4. d4 f5 5. c3 Nf6 6. Bd3 Nc6 7. Nbd2 Be7 8. Nf1 0-0 9. Ng3 b6 10. 0-0 Bb7 11. Ng5 Qd7 12. Nh5 g6 13. Nxf6+ Bxf6 14. Nf3 a5 15. Bb5 Qc7 16. Bd2 Ba6 17. Qa4 Bxb5 18. Qxb5 Na7 19. Qb3 c4 20. Qc2 Nc8 21. Be1 Nd6 22. Nd2 b5 23. a3 Be7 24. Bg3 Rfb8 25. Rfb1 Qc6 26. Be1 Ra6 27. Nf3 Ne4 28. Ne5 Qc7 29. b4 cxb3 30. Qxb3 Rab6 31. Nd3 Bd6 32. Nf2 Nxf2 33. Kxf2 Qc4 34. Qc2 Kf7 35. h3 h5 36. Qe2 Ke7 37. Rb2 Kd7 38. g4 hxg4 39. hxg4 Qxe2+ 40. Rxe2 Rc6 41. Kf3 Rc4 42. Bd2 Ra4 43. Bc1 b4 44. cxb4 axb4 45. Rb2 Rc8 46. g5 bxa3 47. Rb7+ Rc7 48. Rb3 Rca7 49. Bd2 Rc4 50. Ra2 Kc6 51. Ke2 Rb7 52. Rbxa3 Bxa3 53. Rxa3 Rc2 54. Kd3 Rbb2 55. Bc3 Ra2 56. Rb3 Rc1 57. Bb2 Rd1+ 58. Kc2 Rda1 59. Kd3 Rh1 60. Bc3 0-1

[Event "Barcelona Tres Peons-A 21th"]
[Site "Barcelona"]
[Date "2019.01.16"]
[Round "2.9"]
[White "Palacin Martin, Ricardo"]
[Black "Nadal Fajardo, Ricard"]
[Result "1/2-1/2"]
[WhiteElo "1981"]
[BlackElo "1857"]
[PlyCount "93"]
[EventDate "2019.01.09"]
[EventType "swiss"]
[EventRounds "9"]
[EventCountry "ESP"]
[SourceTitle "EXT 2024"]
[Source "ChessBase"]
[SourceDate "2023.10.10"]
[SourceVersion "1"]
[SourceVersionDate "2023.10.10"]
[SourceQuality "1"]

1. e4 c6 2. d4 d5 3. exd5 cxd5 4. Bd3 Nc6 5. c3 Nf6 6. Bf4 e6 7. Nf3 Be7 8. h3 0-0 9. 0-0 b6 10. a4 Bb7 11. Na3 Ne4 12. Qe2 Bd6 13. Bxd6 Nxd6 14. Rfe1 Re8 15. Nb5 a6 16. Nxd6 Qxd6 17. Ne5 Nxe5 18. dxe5 Qc5 19. Red1 Red8 20. Rac1 a5 21. b4 Qe7 22. Rb1 Bc6 23. Bb5 Qe8 24. bxa5 Rxa5 25. c4 d4 26. Rd3 Bxb5 27. axb5 Qe7 28. Qe4 Qc5 29. Qc6 Qxc6 30. bxc6 Rc5 31. Rxb6 Rxc4 32. f4 g6 33. Kf2 Rc8 34. Kf3 R8xc6 35. Rxc6 Rxc6 36. Ke4 Kg7 37. Kxd4 h6 38. Rc3 Ra6 39. g4 Ra4+ 40. Ke3 Ra5 41. h4 g5 42. hxg5 hxg5 43. Kf3 Kg6 44. Rc4 gxf4 45. Kxf4 Rb5 46. Rc8 Rb4+ 47. Kf3 1/2-1/2